000
00307nam a22001337a 4500
020
_a
978-0-2412-8306-6
082
_a
823
_b
DEN/B
100
_a
DR. DENNIE, DERVIN
245
_a
MY BOOK OF ROCKS AND MINERALS
260
_a
LONDON
_b
DORLING KINDERSLEY LIMITED
300
_a
95
650
_a
GK
_z
UK
942
_c
BK
999
_c
6268
_d
6268